00470 2200181 4500245004300000020002600043250001000069100001900079700002100098700001800119650002100137005001900158260005700177041001400234084001000248300002100258336000900279 aTapa Cerita MagaicAry NilandarihText a978-602-437-857-732-8 aCet.1 aArry Nilandari aAngga C.Gumellar aWenny Oktavia aCerita Bergambar a20240911165304 aJakartabKementerian Pendidikan dan Kebudayaanc2019 aIndonesia a741.5 a26 Hlm,29,7 cm : atext